000 00313nam a22001337a 4500
008 170717b xxu||||| |||| 00| 0 eng d
020 _a9780933029828
041 _aeng
080 _a038
100 _a24
101 _aFJA
245 _aTHE CHIRON DICTIONARY OF GREEK&ROMAN MYTHOLOGY
_cBURR, E
942 _2udc
_cBK
999 _c21247
_d21247